Parking restriction (Record no. 79955)

MARC details
000 -LEADER
fixed length control field 01163cab a22002655a 4500
001 - CONTROL NUMBER
control field L142846
008 - FIXED-LENGTH DATA ELEMENTS--GENERAL INFORMATION
fixed length control field 080314e20080308xxk f 000 0 eng d
035 ## - SYSTEM CONTROL NUMBER
System control number (Sirsi) u142846
041 0# - LANGUAGE CODE
Language code of text/sound track or separate title eng
100 1# - MAIN ENTRY--PERSONAL NAME
Personal name Kokelaar, Sebastian
245 00 - TITLE STATEMENT
Title Parking restriction
260 ## - PUBLICATION, DISTRIBUTION, ETC.
Date of publication, distribution, etc. 2008
490 ## - SERIES STATEMENT
Series statement Estates Gazette
Volume/sequential designation (0809) 8 March 2008, 194-195(2)
520 ## - SUMMARY, ETC.
Summary, etc. Considers issues surrounding the parking of vehicles in defined areas. Confirms that this can be regarded as an easement. Reviews four essential characteristics of easements, which parking rights must satisfy. Focuses on the need for a dominant tenement. Notes the difficulties inherent in proving these characteristics in respect of parking rights, which complicates such cases. Case law.
590 ## - LOCAL NOTE (RLIN)
Local note KA
650 24 - SUBJECT ADDED ENTRY--TOPICAL TERM
Topical term or geographic name entry element MONCRIEFF AND ANOTHER V JAMIESON AND OTHERS
650 24 - SUBJECT ADDED ENTRY--TOPICAL TERM
Topical term or geographic name entry element BATCHELOR V MARLOW
650 24 - SUBJECT ADDED ENTRY--TOPICAL TERM
Topical term or geographic name entry element LONDON AND BLENHEIM ESTATES V LADBROKE RETAIL PARKS LTD
650 24 - SUBJECT ADDED ENTRY--TOPICAL TERM
Topical term or geographic name entry element COPELAND V GREENHALF
650 24 - SUBJECT ADDED ENTRY--TOPICAL TERM
Topical term or geographic name entry element LE STRANGE V PETTEFAR
650 24 - SUBJECT ADDED ENTRY--TOPICAL TERM
Topical term or geographic name entry element CENTRAL MIDLANDS ESTATES LTD V LEICESTER DYERS LTD
651 #4 - SUBJECT ADDED ENTRY--GEOGRAPHIC NAME
Geographic name United Kingdom
Chronological subdivision
690 ## - LOCAL SUBJECT ADDED ENTRY--TOPICAL TERM (OCLC, RLIN)
Topical term or geographic name as entry element Boundary disputes
9 (RLIN) 6221
942 ## - ADDED ENTRY ELEMENTS (KOHA)
Suppress in OPAC 0
Holdings
Withdrawn status Lost status Source of classification or shelving scheme Damaged status Not for loan Home library Current library Shelving location Date acquired Total Checkouts Full call number Barcode Date last seen Copy number Price effective from Koha item type
    Dewey Decimal Classification     London London Journal article 14/03/2008   L142846 142846-1001 06/08/2019 1 06/08/2019 Journal article